The Bishop of Heard County preaches / (Record no. 12046)
[ view plain ]
| 000 -LEADER | |
|---|---|
| fixed length control field | 00612nam a22001932 4500 |
| 001 - CONTROL NUMBER | |
| control field | 0000012592 |
| 003 - CONTROL NUMBER IDENTIFIER | |
| control field | OSt |
| 005 - DATE AND TIME OF LATEST TRANSACTION | |
| control field | 20140825164445.0 |
| 008 - FIXED-LENGTH DATA ELEMENTS--GENERAL INFORMATION | |
| fixed length control field | 080611s1962 tnuc 000 0 eng d |
| 040 ## - CATALOGING SOURCE | |
| Original cataloging agency | PUL |
| Transcribing agency | PUL |
| 050 ## - LIBRARY OF CONGRESS CALL NUMBER | |
| Classification number | BX8333.A3 |
| Item number | B5 1962 |
| 100 1# - MAIN ENTRY--PERSONAL NAME | |
| Personal name | Adams, James Clyde. |
| 245 14 - TITLE STATEMENT | |
| Title | The Bishop of Heard County preaches / |
| Statement of responsibility, etc | [by] J. C. Adams. With an introd. by Arthur J. Moore. |
| 260 ## - PUBLICATION, DISTRIBUTION, ETC. (IMPRINT) | |
| Place of publication, distribution, etc | Nashville : |
| Name of publisher, distributor, etc | Printed for the author by the Methodist Pub. House, |
| Date of publication, distribution, etc | 1962] |
| 300 ## - PHYSICAL DESCRIPTION | |
| Extent | 160 p. : |
| Other physical details | illus., ports ; |
| Dimensions | 21 cm. |
| 650 #0 - SUBJECT ADDED ENTRY--TOPICAL TERM | |
| Topical term or geographic name as entry element | Methodist Church |
| General subdivision | Sermons. |
| 908 ## - PUT COMMAND PARAMETER (RLIN) | |
| Put command parameter | 080611 |
| 942 ## - ADDED ENTRY ELEMENTS (KOHA) | |
| Source of classification or shelving scheme | Library of Congress Classification |
| Koha item type | General circulation books |
| Withdrawn status | Lost status | Source of classification or shelving scheme | Damaged status | Not for loan | Home library | Current library | Date acquired | Source of acquisition | Total Checkouts | Full call number | Barcode | Date last seen | Price effective from | Koha item type |
|---|---|---|---|---|---|---|---|---|---|---|---|---|---|---|
| Library of Congress Classification | Presbyterian University of East Africa - Main Library | Presbyterian University of East Africa - Main Library | 26/12/2012 | DON | BX8333.A3 B5 1962 | 020020014699 | 26/12/2012 | 26/12/2012 | General circulation books |
